000
00319nam a2200121Ia 4500
008
190216s9999||||xx |||||||||||||| ||und||
100
_a
Karel Capek & Joseph Capek
245
0
_a
Keeta Janmam
260
_b
Sahithya Pravarthaka Sahakarana Sangam
_c
1959
300
_a
106p
650
_a
Malayalam Nadakam
942
_c
BK
999
_c
26127
_d
26127